000 01485nam a2200337 4500
001 225
003 OSt
005 20250528074015.0
008 250204b |||||||g |||| 00| 1 eng d
020 _a8510346607
040 _bpor
041 _hita
_apor
082 _a853
_bE19p
100 1 _aEco, Umberto,
_d1932-2016
_9409
240 _aIl pendolo di Foucault
245 _aO pêndulo de Foucault /
_cEco, Umberto ; Tradução de Ivo Barroso
250 _a3° edição
260 _aRio de Janeiro
_bRecord
_c1989
300 _a613 p.
520 _aO Pêndulo de Foucault, originalmente Il pendolo di Foucault, é um romance do filósofo e novelista italiano Umberto Eco, publicado em 1988. Dividido em dez segmentos representados pelos dez Sefiroth, é cheio de referências esotéricas à Kabbalah, à alquimia e a teorias conspiratórias. O título do livro refere-se ao pêndulo projetado pelo físico francês Léon Foucault para demonstrar a rotação da terra. Na trama, sociedades secretas estão envolvidas em um suposto plano que governaria a humanidade. O texto é rico em informações e idéias, além de conter trechos de livros antigos e raros.
650 0 _aLiteratura italiana
_9164
650 0 _aReligião
_9100
650 0 _aEsoterismo
_9415
650 0 _aSuspense
_910
650 0 _aHistórico
_953
650 0 _aClássicos
_977
655 0 _aRomance
_923
655 0 _aFicção
_922
700 _aIvo Barroso
_eTradutor
_9416
942 _2ddc
_n0
_cBK
999 _c225
_d225